000 01323cam a2200337 i 4500
001 63357
003 Mx-PuUPA
005 20230316124115.0
008 150822s1994 mx gr 000 0 spa d
020 _a9682319137
040 _aMX-PuUPA
_bspa
_erda
_cMx-PuUPA
_dMx-PuUPA
041 0 _aspa
245 0 0 _aTras las huellas de la privatización :
_bel caso de Altos Hornos de México /
_cpor Isabel Rueda Peiro, Gerardo González Chávez, Servando Chávez Quezada [y otros tres]
250 _aPrimera edición
264 1 _aMéxico, D.F. :
_bSiglo xxi Editores,
_c1994
300 _a277 páginas :
_bgráficas, tablas ;
_c21 cm.
336 _atexto
_2rdacontent
_btxt
337 _asin medio
_2rdamedia
_bn
338 _avolumen
_2rdacarrier
_bnc
490 0 _aEconómia y demografía
500 _a"Primer lugar Premio Maestro Jesús Silva Herzog". -- Cubierta
650 7 _aSiderurgia y comercio
_xPrivatización
_zMéxico
_2armarc
650 7 _aPrivatización
_zMéxico
_2armarc
650 7 _aIndustria del acero
_xPrivatización
_zMéxico
_2armarc
700 1 _aRueda Peiro, Isabel,
_ecoordinador
_cautor
700 1 _aGonzález Chávez, Gerardo,
_eautor
700 1 _aChávez Quezada, Servando,
_eautor
942 _2ddc
_cLI
_h338.47669
_iT758
999 _c63357
_d63357